000 05083nas a22002897a 4500
003 NALT
005 20260114160152.0
006 a|||p|r|||| 00| 0
008 260114b th |||p| |||| 00| 0 tha d
022 _a01250957
040 _aNALT
041 _atha
245 0 0 _aรัฐสภาสาร ปีที่ 43 ฉบับที่ 1-6 (มกราคม-มิถุนายน 2538).
310 _aรายเดือน.
500 _aวารสารเย็บเล่ม.
505 2 _aปีที่ 43 ฉบับที่ 1 ม.ค. 2538 -- การจัดตั้งศาลปกครองในประเทศไทย : แนวความคิด ความพยายามในอดีตที่ผ่านมา และแนวทางการดำเนินการในปัจจุบัน -- ศาลปกครอง กกับ หลักการ แบ่งแยกอำนาจ -- ศาลปกครอง (อีกครั้ง) -- หมิ่นประมาท -- การบริหารงานตำรวจ -- การติดต่อสื่อสารขององค์การ -- พระราชบัญญัติวิชาชีพทันตกรรม พ.ศ. 2537.
505 2 _aปีที่ 43 ฉบับที่ 43 ฉบับที่ 2 ก.พ. 2538 -- เรื่องเกี่ยวกับสิทธิบัตร : มุมมองจากผู้ปฏิบัติ -- จากแกตต์ สู่องค์การการค้าโลก (From GATT to WTO) -- ข้อตกลงทั่วไปว่าด้วยภาษีศุลกากร และการค้า (General Agreement on Tariff and Trade-GATT) องค์การการค้าโลก (World Trade Organization-WTO) -- บทบาทรัฐในการส่งเสริมการมีส่วนร่วมของภาคเอกชน ในการให้บริการการศึกษา -- พระราชบัญญัติการเคหะแห่งชาติ พ.ศ. 2537.
505 2 _aปีที่ 43 ฉบับที่ 3 มี.ค. 2538 -- รัฐสภาไทย -- เลือกตั้งสมาชิกสภาผู้แทนราษฎร 22 มีนาคม 2535 -- พระราชดำรัสในพิธีเปิดประชุมรัฐสภา ณ พระที่นั่งอนันตสมาคม วันพฤหัสบดีที่ 2 เมษายน พุทธศักราช 2535 -- 5 พรรคการเมืองสนับสนุน พลเอก สุจินดา คราประยูร เป็นนายกรัฐมนตรี -- การชุมนุมใหญ่ วันที่ 17 พฤษภาคม 2535 -- วันที่ 20 พฤษภาคม 2535 พระบาทสมเด็จพระเจ้าอยู่หัว ทรงมีพระราชดำรัส ให้ พลเอก สุจินดา คราประยูร และพลตรี จำลอง ศรีเมือง ได้ช่วยกันแก้ไขปัญหา.
505 2 _aปีที่ 43 ฉบับที่ 5 พ.ค. 2538 -- การพัฒนาเศรษฐกิจ ระบอบประชาธิปไตย ระบบราชการ และความมั่นคงของชาติในมิติเบ็ดเสร็จ -- รูปแบบของคณะกรรมการการเลือกตั้งที่เหมาะสม สำหรับประเทศไทย -- การประเมินผลระบบบริหารราชการวิจัยของประเทศไทย : ภาพสรุป -- การเมืองการปกครองของสาธารณรัฐอัฟริกาใต้ -- พระราชบัญญัติสภาตำบลและองค์การ บริหารส่วนตำบล พ.ศ. 2537.
505 2 _aปีที่ 43 ฉบับที่ 6 มิ.ย. 2538 -- วิกฤตการณ์ทางด้านการพัฒนา -- ทรัพยากรมนุษย์ : ปัญหาที่แสดงถึงคุณภาพชีวิตของแรงงานสตรี -- การบังคับใช้กฎหมายเกี่ยวกับป่าไม้ -- การอนุรักษ์พื้นที่ป่าไม้.
650 0 _aรัฐสภา
_zไทย
_957374
850 _aNALT
866 _aปีที่ 43 ฉบับที่ 1-6 (มกราคม-มิถุนายน 2538).
942 _cBOUND
996 _aaroonthip.c
_bLIBSTF
_c2026-01-14
999 _c107672
_d107672
998 _h179
_j179
_k นางสาวอรุณทิพย์ จันทร์ดิษฐ์